Quaresma del Padre Pablo Señeri, de la Compañía de Jesus, predicador de Nuestro Santissimo Padre Inocencio XII. Y su theologo / traducida de lengua toscana en la castellana, por el Doctor Antonio de las Casas

Detalles Bibliográficos
Autor principal: Segneri, Paolo, S. J., 1624-1694
Otros Autores: Casas, Antonio de las, m. 1845, tr
Formato: Libro
Lenguaje:Undetermined
Spanish
Publicado: Barcelona : en la imprenta de Juan Piferrer, 1724.
Materias:
Colección:Banco de datos
Acervo:Museo Virreinal de Zinacantepec. Estado de México
Descripción Física:2 t. ; 4°
Tema general:Homilética
Notas:Portada con orla y monograma de la Compañía de Jesús en grabado xilográfico. Encuadernación en pergamino. Daños en la encuadernación
LEADER 00857nam a2200181Ia 4500
008 150723s9999 xx 000 0 und d
041 0 |a spa 
100 1 |a Segneri, Paolo, S. J., 1624-1694 
245 1 0 |a Quaresma del Padre Pablo Señeri, de la Compañía de Jesus, predicador de Nuestro Santissimo Padre Inocencio XII. Y su theologo / traducida de lengua toscana en la castellana, por el Doctor Antonio de las Casas 
260 |a Barcelona : en la imprenta de Juan Piferrer, 1724. 
300 |a 2 t. ; 4° 
500 |a Portada con orla y monograma de la Compañía de Jesús en grabado xilográfico. Encuadernación en pergamino. Daños en la encuadernación 
650 1 0 |a Homilética 
700 1 |a Casas, Antonio de las, m. 1845, tr. 
949 |a t. 1 (869) 
942 |c ZINACA 
943 |g Museo Virreinal de Zinacantepec. Estado de México 
999 |c 1105704  |d 1105704